000 00637nam a2200193 i 4500
001 86930
003 ES-MaACL
005 20230906175543.0
007 t|
008 041216s1985 sp ||||1| spa d
020 _a84-7615-027-X
100 1 _aKolve, Carolee Nance.
_968537
245 1 0 _aGuía para seleccionar y adquirir su microcomputador /
_cCarolee Nance Kolve ; traducción José María Vela Bermúdez.
260 _aMadrid ;
_aBogotá :
_bByte Books :
_bMcGraw-Hill,
_c[1985]
300 _aXVI, 210 p. ;
_c24 cm.
500 _aIndice.
700 1 _aVela Bermúdez, José María.
_9113682
852 _aES-MaACL
_jC-55
_bR.114006
999 _c86930
_d86930